Statistics for Capitals to Country - Asia

Click here to take the quiz!

General Stats

  • This quiz has been taken 227 times
  • The average score is 40 of 47

Answer Stats

HintAnswer% Correct
New DelhiIndia
98%
TokyoJapan
98%
BeijingChina
97%
Kuwait CityKuwait
97%
SingaporeSingapore
97%
SeoulSouth Korea
97%
JerusalemIsrael
95%
BangkokThailand
95%
TehranIran
94%
PyongyangNorth Korea
94%
BaghdadIraq
93%
ManilaPhilippines
93%
Abu DhabiUnited Arab Emirates
93%
JakartaIndonesia
92%
Sri Jayawardenepura KotteSri Lanka
92%
DamascusSyria
92%
TaipeiTaiwan
92%
KabulAfghanistan
90%
Kuala LumpurMalaysia
90%
IslamabadPakistan
90%
AnkaraTurkey
90%
UlaanbaatarMongolia
89%
BeirutLebanon
88%
RiyadhSaudi Arabia
86%
Phnom PenhCambodia
84%
KathmanduNepal
83%
DohaQatar
83%
BakuAzerbaijan
82%
MuscatOman
82%
DhakaBangladesh
80%
NicosiaCyprus
80%
YerevanArmenia
79%
TbilisiGeorgia
79%
AmmanJordan
77%
MaleMaldives
77%
Sana'aYemen
77%
Bandar Seri BegawanBrunei
76%
VientianeLaos
75%
DiliEast Timor
73%
BishkekKyrgyzstan
73%
AshgabatTurkmenistan
73%
TashkentUzbekistan
73%
DushanbeTajikistan
72%
ThimphuBhutan
71%
ManamaBahrain
68%
Nur-SultanKazakhstan
68%
NaypyidawMyanmar
68%

Score Distribution

Percentile by Number Answered

Percent of People with Each Score

Your Score History

You have not taken this quiz